Who Was the Doctor? Quiz Stats

 Plays Quiz Updated Nov 15, 2018

Support Sporcle.
Go Orange.
Score 0/13 Timer 03:00
4 Plays Today
Year Actor % Correct
2005-2010David Tennant
85.7%
2010-2013Matt Smith
79.6%
1974-1981Tom Baker
75.7%
2005Christopher Eccleston
70.8%
1984-1986Colin Baker
67.4%
2013 - 2017Peter Capaldi
63.8%
1963-1966William Hartnell
58.9%
2017 - Jodie Whittaker
56.8%
1970-1974Jon Pertwee
56.5%
1987-1989Sylvester McCoy
56%
1981-1984Peter Davison
53.4%
1966-1969Patrick Troughton
51.1%
1996Paul McGann
50.1%

You're not logged in!

Compare scores with friends on all Sporcle quizzes.
OR
Log In

From the Vault

TV Roommates

by Noldeh

You'd need at least three more roommates to afford those apartments.
Remove Ads.
Support Sporcle.
Get the best of Sporcle when you Go Orange. This ad-free experience offers more features, more stats, and more fun while also helping to support Sporcle. Thank you for becoming a member.

Show Comments

Extras

Top Quizzes Today


Score Distribution

Your Account Isn't Verified!

In order to create a playlist on Sporcle, you need to verify the email address you used during registration. Go to your Sporcle Settings to finish the process.

Report this User

Report this user for behavior that violates our Community Guidelines.

Details: